01235cam a22003617a 45000010008000000030004000080050017000120060019000290070015000480080041000630150019001040160018001230200025001410200023001660200026001890350026002150380009002410400083002500420014003330500024003470820020003711000029003912100028004202450069004482600032005175040051005495060043006005630014006436500019006576500025006767730045007018560127007467850593OSt20210813095256.0m d cr n 080605s2008 enka sb 001 0 eng d aGBA8620592bnb7 a0146023112Uk a9781848002043 (hbk.) a184800205X (ebook) a9781848002050 (ebook) a(WaSeSS)ssj0000317088 aamir aUKMcUKMdBTCTAdYDXCPdOHXdOCLCGdBAKERdBWKUKdBWKdBWXdOCLCQdDLCdWaSeSS alccopycat 4aTJ1185b.S5697 200804a671.35222bSMI1 aSmith, Graham T.,d1947-10aCutting tool technology10aCutting tool technologybindustrial handbook /cGraham T. Smith. aLondon :bSpringer,cc2008. aIncludes bibliographical references and index. aLicense restrictions may limit access. aHardcover 0aMetal-cutting. 0aMetal-cutting tools. 0tSpringerLink ebooks - Engineering (2008)40uhttp://www.columbia.edu/cgi-bin/cul/resolve?clio7850593zFull text available from SpringerLink ebooks - Engineering (2008)